ბათუმის შოთა რუსთაველის სახელმწიფო უნივერსიტეტის ბიბლიოთეკა

Atlas of Minimally lnvasive Surgery (ბიბ.ჩანაწერი № 51430)

000 -LEADER
fixed length control field 00538nam a2200217Ia 4500
001 - CONTROL NUMBER
control field 18416
003 - CONTROL NUMBER IDENTIFIER
control field GE_BSU
008 - FIXED-LENGTH DATA ELEMENTS--GENERAL INFORMATION
fixed length control field 181216s||||||||xx |||||||||||||| ||und||
020 ## - INTERNATIONAL STANDARD BOOK NUMBER
International Standard Book Number 987654321
040 ## - CATALOGING SOURCE
Transcribing agency GE_BSU
080 ## - UNIVERSAL DECIMAL CLASSIFICATION NUMBER
Universal Decimal Classification number 617.5
245 ## - TITLE STATEMENT
Title Atlas of Minimally lnvasive Surgery
245 ## - TITLE STATEMENT
Statement of responsibility, etc. Edited by: Constantine T. Frantzides,Mark A. Carlson
260 ## - PUBLICATION, DISTRIBUTION, ETC.
Place of publication, distribution, etc. Philadelpia
260 ## - PUBLICATION, DISTRIBUTION, ETC.
Name of publisher, distributor, etc. Elsevier
260 ## - PUBLICATION, DISTRIBUTION, ETC.
Date of publication, distribution, etc. 2008
300 ## - PHYSICAL DESCRIPTION
Extent 264p;ill;30cm
300 ## - PHYSICAL DESCRIPTION
Other physical details +2CD rom.
653 ## - INDEX TERM--UNCONTROLLED
Uncontrolled term Atlas of Minimally lnvasive Surgery
942 ## - ADDED ENTRY ELEMENTS (KOHA)
Koha item type წიგნი

არაა ხელმისაწვდომი ეგზემპლარები.